| 000 | 00616nam a2200205 a 4500 | ||
|---|---|---|---|
| 001 | 3019 | ||
| 003 | CDMR | ||
| 005 | 20131016154035.0 | ||
| 008 | 130130s1972||||||||||||||||||||||||||||d | ||
| 040 |
_aCDMR _bcat _cCDMR |
||
| 100 | 1 |
_aTarin-Iglesias, Josep _92220 |
|
| 245 | 1 | 0 |
_aPanorama del periodismo hispanoamericano _b: desde sus orígenes hasta nuestros días _cJosé Tarín-Iglesias |
| 260 |
_aBarcelona _bSalvat |
||
| 260 |
_c1972 _bAlianza |
||
| 300 | _a214 p. | ||
| 490 | 0 | _aBiblioteca General Salvat | |
| 650 | 0 | 4 |
_93173 _aPeriodisme _zEspanya |
| 650 | 0 | 4 |
_94088 _aPeriodisme _zAmèrica Llatina |
| 942 |
_cMON _2udc |
||
| 999 |
_c3019 _d3019 |
||